| 000 | 00620cam a2200193 4500 | ||
|---|---|---|---|
| 008 | 070604t20022002sp 000 0 spa u | ||
| 020 | _a8487682421 | ||
| 035 | _aa461093 | ||
| 245 | 0 | 0 |
_aHacia dónde va el currículum?: _bla contribución de la teoría deliberadora / _cIan Westbury, comp. |
| 260 |
_aBarcelona, España: _bPomares, _cc2002 |
||
| 300 |
_a256 p. ; _c23 cm. |
||
| 504 | _aBibliografía: p. 241-244 | ||
| 504 | _aIncluye índice | ||
| 650 | 4 | _aPlanificación curricular | |
| 650 | 4 | _aEvaluación curricular | |
| 700 | 1 | _aWestbury, Ian, comp. | |
| 942 |
_2lcc _cLIB |
||
| 999 |
_c118024 _d118024 |
||